000 00481cam a22001814a 4500
020 _a9781574446067 (alk. paper)
020 _a1574446061 (alk. paper)
040 _cDLC
082 0 0 _a664 CRC 2007 C147 Or.
245 0 0 _aHandbook of food preservation /
250 _a2nd ed
260 _aBoca Raton :
_bCRC Press,
_cc2007
300 _axvii, 1068 p. :
_bill. ;
_c26 cm
490 1 _aFood science and technology
650 0 _aFood
700 1 _aRahman, Shafiur
942 _cAEDBB
999 _c18546
_d18546